Najwięcej złotych medali MŚ - Statystyki

Ogólne statystyki
  • Ten quiz został rozwiązany 284 razy
  • Średni wynik to 6 z 16
Statystyki odpowiedzi
Zawodnik Suma Kraj % Poprawnych
6 Adam Małysz 4 Polska
96%
4 Janne Ahonen 5 Finlandia
83%
3 Gregor Schlierenzauer 6 Austria
65%
1 Thomas Morgenstern 8 Austria
61%
6 Martin Schmitt 4 Niemcy
58%
6 Matti Nykänen 4 Finlandia
54%
11 Andreas Kofler 3 Austria
40%
2 Wolfgang Loitzl 7 Austria
30%
11 Martin Koch 3 Austria
16%
6 Ari-Pekka Nikkola 4 Finlandia
15%
6 Markus Eisenbichler 4 Niemcy
14%
11 Birger Ruud 3 Norwegia
9%
11 Martin Höllwarth 3 Austria
8%
4 Carina Vogt 5 Niemcy
4%
11 Katharina Althaus 3 Niemcy
4%
11 Jari Puikkonen 3 Finlandia
3%
Nie znaleziono quizów pasujących do podanych kryteriów
Rozkład punktacji
Procent ludzi z każdym wynikiem
Percentyl według liczby udzielonych odpowiedzi
Twoja historia wyników
Nie rozwiązałeś tego quizu